100 Biggest Cities of Tanzania on a Map - Statistics

General Stats
  • This quiz has been taken 93 times
  • The average score is 17 of 100
Answers on the Map
Answers color-coded by a green-red scale on the quiz's map according to % correct below.
 
Answer Stats
Population City % Correct
5,383,728 Dar es Salaam
94%
765,179 Dodoma
94%
709,809 Zanzibar
81%
1,104,521 Mwanza
72%
617,631 Arusha
70%
541,603 Mbeya
47%
471,409 Morogoro
40%
221,733 Moshi
38%
393,429 Tanga
38%
221,466 Tabora
36%
232,388 Kigoma
34%
140,793 Mtwara
34%
202,490 Iringa
32%
286,285 Songea
32%
144,938 Bukoba
30%
164,172 Musoma
30%
95,096 Lindi
28%
139,727 Shinyanga
26%
55,000 Bagamoyo
23%
318,006 Geita
23%
204,338 Mpanda
23%
165,492 Singida
23%
92,537 Njombe
21%
182,970 Sumbawanga
21%
182,970 Bunda
19%
205,843 Ifakara
19%
453,654 Kahama
19%
238,321 Kasulu
19%
265,360 Kibaha
19%
116,232 Makambako
19%
260,927 Bariadi
17%
110,000 Sengerema
17%
219,309 Tunduma
17%
125,193 Nzega
15%
133,043 Tarime
15%
52,047 Chake Chake
13%
30,000 Chato
13%
43,418 Kilosa
13%
62,032 Korogwe
13%
47,000 Kyela
13%
99,305 Mafinga
13%
89,700 Masasi
13%
44,000 Nansio
13%
30,762 Nungwi
13%
50,000 Tukuyu
13%
48,000 Tunduru
13%
67,445 Babati
11%
29,000 Chalinze
11%
108,968 Handeni
11%
75,000 Katoro
11%
80,443 Kondoa
11%
25,000 Liwale
11%
34,000 Lushoto
11%
45,384 Mbulu
11%
30,000 Mpwapwa
11%
34,322 Same
11%
25,000 Sirari
11%
31,752 Urambo
11%
37,538 Bomang'ombe
9%
40,000 Gairo
9%
45,000 Igunga
9%
24,000 Itigi
9%
21,519 Kilwa Masoko
9%
35,000 Magu
9%
28,000 Maswa
9%
60,868 Mbinga
9%
23,719 Mkoani
9%
29,000 Mugumu
9%
25,000 Nkome
9%
23,000 Ubaruku
9%
70,000 Vikindu
9%
85,000 Vwawa
9%
40,000 Dumila
6%
21,000 Hedaru
6%
45,000 Ikwiriri
6%
21,462 Katesh
6%
50,054 Kibaigwa
6%
27,200 Kibondo
6%
23,426 Kilindoni
6%
30,000 Kisesa
6%
25,000 Manyoni
6%
30,000 Misungwi
6%
40,000 Mlowo
6%
21,664 Mwanhuzi
6%
40,000 Namanyere
6%
34,862 Newala
6%
32,446 Ngudu
6%
42,013 Rujewa
6%
50,000 Utengule
6%
35,951 Wete
6%
27,000 Buseresere
4%
45,000 Diobahika
4%
23,787 Makongorosi
4%
40,000 Mapinga
4%
50,000 Masumbwe
4%
26,073 Matundasi
4%
49,801 Mbuguni
4%
45,000 Mwandege
4%
24,000 Ruaha
4%
45,000 Ushirombo
4%
No matching quizzes found
Score Distribution
Percent of People with Each Score
Percentile by Number Answered
Your Score History
You have not taken this quiz